<?xml version="1.0" encoding="UTF-8" ?>
<collection xmlns="http://www.loc.gov/MARC21/slim"><record><leader>00921nam a2200217 nc4500</leader><controlfield tag="001">19779</controlfield><controlfield tag="003">CH-000273-5</controlfield><controlfield tag="005">20161221084138.0</controlfield><datafield tag="035" ind1=" " ind2=" "><subfield code="a">(OCoLC)906875309</subfield></datafield><datafield tag="041" ind1=" " ind2=" "><subfield code="a">fre</subfield></datafield><datafield tag="100" ind1="1" ind2="0"><subfield code="a">Pansaers, Clément</subfield></datafield><datafield tag="245" ind1="0" ind2="0"><subfield code="a">Bar Nicanor</subfield><subfield code="c">Clément Pansaers ; avec un portrait de Crotte de Bique et de Couillandouille par eux-mêmes</subfield><subfield code="h">Buch</subfield></datafield><datafield tag="260" ind1=" " ind2=" "><subfield code="a">Bruxelles [etc.]</subfield><subfield code="b">Editions AIO</subfield><subfield code="c">1921</subfield></datafield><datafield tag="300" ind1=" " ind2=" "><subfield code="a">52 S.</subfield><subfield code="b">Ill.</subfield><subfield code="c">23,9 x 16,2 cm</subfield></datafield><datafield tag="510" ind1="4" ind2="0"><subfield code="a">Dada global, 1994</subfield><subfield code="c">S. 171, Nr. 79</subfield></datafield><datafield tag="562" ind1=" " ind2=" "><subfield code="a">Auf dritter Seite eigenhändige Widmung: &quot;à J. Crotti Bien cordialement Pansaers [?]&quot;</subfield><subfield code="b">Auf vierter Seite Exemplar-Nr. 151</subfield></datafield><datafield tag="600" ind1="1" ind2="4"><subfield code="a">Pansaers, Clément</subfield><subfield code="d">1885-1922</subfield></datafield><datafield tag="651" ind1="0" ind2="4"><subfield code="a">Zürich</subfield><subfield code="x">Kunsthaus Zürich</subfield><subfield code="x">Dadaismus</subfield><subfield code="x">Sammlung</subfield></datafield><datafield tag="775" ind1=" " ind2=" "><subfield code="a">Pansaers, Clément</subfield><subfield code="t">Bar Nicanor</subfield><subfield code="w">(CH-000273-5)199793</subfield></datafield><datafield tag="852" ind1="4" ind2="0"><subfield code="a">CH-000273-5</subfield><subfield code="c">DADA I:59</subfield></datafield><datafield tag="856" ind1="4" ind2="1"><subfield code="u">https://digital.kunsthaus.ch/viewer/image/19779/1/</subfield><subfield code="y">Kunsthaus Zürich Sammlungen online</subfield></datafield></record></collection>